The Pre-Fabrication of Building Facades (Building Research: Design, Construction and Technologies) / (Record no. 616518)
[ view plain ]
| 000 -LEADER | |
|---|---|
| fixed length control field | 00424nam a22001337a 4500 |
| 020 ## - INTERNATIONAL STANDARD BOOK NUMBER | |
| Qualifying information | HB. |
| 040 ## - CATALOGING SOURCE | |
| Transcribing agency | FIZZA ISHAQ |
| 082 ## - DEWEY DECIMAL CLASSIFICATION NUMBER | |
| Classification number | 690.5 |
| Author Mark | ABR |
| 100 ## - MAIN ENTRY--PERSONAL NAME | |
| Personal name | Abrantes, Vitor. |
| 9 (RLIN) | 121812 |
| 245 ## - TITLE STATEMENT | |
| Title | The Pre-Fabrication of Building Facades (Building Research: Design, Construction and Technologies) / |
| Statement of responsibility, etc. | Vitor Abrantes. |
| 260 ## - PUBLICATION, DISTRIBUTION, ETC. | |
| Place of publication, distribution, etc. | New York: |
| Name of publisher, distributor, etc. | Springer, |
| Date of publication, distribution, etc. | 2017. |
| 300 ## - PHYSICAL DESCRIPTION | |
| Extent | 95P. ; |
| Dimensions | 8.25 x 0.5 x 11 inches |
| 942 ## - ADDED ENTRY ELEMENTS (KOHA) | |
| Source of classification or shelving scheme | |
| Koha item type | Book |
| Withdrawn status | Lost status | Source of classification or shelving scheme | Damaged status | Not for loan | Permanent Location | Current Location | Shelving location | Date acquired | Total Checkouts | Full call number | Barcode | Date last seen | Price effective from | Koha item type |
|---|---|---|---|---|---|---|---|---|---|---|---|---|---|---|
| NUST Baluchistan Campus (NBC) | NUST Baluchistan Campus (NBC) | General Stacks | 03/05/2026 | 690.5 ABR | Q-3141 | 03/05/2026 | 03/05/2026 | Book |
